[Event "GER-ch U12"]
[Site "Willingen"]
[Date "2023.05.29"]
[Round "3"]
[White "Rodriguez Klasen, Ennio"]
[Black "Nezhyvenko, Mykhaylo"]
[Result "0-1"]
[WhiteElo "1526"]
[BlackElo "1787"]
[PlyCount "110"]
[EventDate "2023.05.27"]
[EventType "swiss"]
[EventRounds "9"]
[EventCountry "GER"]
[SourceTitle "CBM 214 Extra"]
[Source "ChessBase"]
[SourceDate "2023.07.31"]
[SourceVersion "1"]
[SourceVersionDate "2023.07.31"]
[SourceQuality "1"]

1. e4 c6 2. d4 d5 3. exd5 cxd5 4. c4 dxc4 5. Bxc4 Nf6 6. Nc3 e6 7. Nf3 Be7 8. 0-0 0-0 9. Be3 a6 10. a4 Qc7 11. Qe2 Rd8 12. Rfd1 Nc6 13. Rac1 Qa5 14. Rc2 Nb4 15. Rcd2 Nbd5 16. Bxd5 Nxd5 17. Nxd5 Qxd5 18. Qd3 Bd7 19. b3 Bc6 20. Rc2 Rac8 21. Qc3 Qf5 22. d5 Rxd5 23. Rxd5 Qxd5 24. Rd2 Qe4 25. Qc2 Qxc2 26. Rxc2 Bd7 27. Rxc8+ Bxc8 28. Ne5 f6 29. Nc4 b5 30. Nb6 Bb7 31. axb5 axb5 32. Nd7 Bd5 33. Nc5 e5 34. b4 Kf7 35. f3 h5 36. Kf2 f5 37. Ke2 Bc4+ 38. Ke1 f4 39. Bf2 g5 40. h3 g4 41. hxg4 hxg4 42. Bg1 Bh4+ 43. Bf2 Bxf2+ 44. Kxf2 g3+ 45. Kg1 Ke7 46. Ne4 Ke6 47. Nc3 Bd3 48. Kh1 e4 49. fxe4 Bc4 50. Kg1 Ke5 51. Kh1 Kd4 52. Nxb5+ Bxb5 53. e5 Kxe5 54. Kg1 Kd4 55. Kh1 Kc3 0-1

[Event "GER-ch U12"]
[Site "Willingen"]
[Date "2023.05.28"]
[Round "1"]
[White "Rodriguez Klasen, Ennio"]
[Black "Boehler, Yannic"]
[Result "1-0"]
[WhiteElo "1526"]
[BlackElo "1377"]
[PlyCount "139"]
[EventDate "2023.05.27"]
[EventType "swiss"]
[EventRounds "9"]
[EventCountry "GER"]
[SourceTitle "CBM 214 Extra"]
[Source "ChessBase"]
[SourceDate "2023.07.31"]
[SourceVersion "1"]
[SourceVersionDate "2023.07.31"]
[SourceQuality "1"]

1. e4 c5 2. Nc3 Nc6 3. g3 g6 4. Bg2 Bg7 5. d3 e6 6. Be3 d6 7. Qd2 Nd4 8. Nd1 Ne7 9. c3 Ndc6 10. Bh6 Bxh6 11. Qxh6 Ne5 12. Qd2 c4 13. dxc4 Nxc4 14. Qd4 Ne5 15. Ne3 f5 16. Rd1 Nf7 17. Nc4 d5 18. exd5 exd5 19. Bxd5 Nxd5 20. Qxd5 Qe7+ 21. Ne2 Be6 22. Qb5+ Kf8 23. Ne3 Ng5 24. Nd4 Bf7 25. 0-0 f4 26. Nd5 Bxd5 27. Qxd5 Rd8 28. Qxg5 Qxg5 29. Ne6+ Ke7 30. Nxg5 Rxd1 31. Rxd1 Rf8 32. Re1+ Kd6 33. Re6+ Kd7 34. Re4 h6 35. Ne6 Rf5 36. Nxf4 g5 37. Nd3 Rd5 38. Rd4 Rxd4 39. cxd4 Kd6 40. Ne1 Kd5 41. Nc2 g4 42. h3 h5 43. hxg4 hxg4 44. Ne3+ Kxd4 45. Nxg4 Kd3 46. Ne3 Kd2 47. g4 Kc1 48. Nc4 b5 49. Nd6 a6 50. b3 Kb2 51. Nxb5 axb5 52. a4 b4 53. a5 Kxb3 54. a6 Kc2 55. a7 b3 56. a8Q b2 57. Qa2 Kc1 58. g5 b1Q 59. Qxb1+ Kxb1 60. g6 Kc2 61. g7 Kd3 62. g8Q Ke4 63. Qe6+ Kd4 64. Kf1 Kc5 65. Ke2 Kd4 66. Kd2 Kc5 67. Kc3 Kb5 68. Qd6 Ka4 69. Qb6 Ka3 70. Qb3# 1-0

[Event "GER-ch U12"]
[Site "Willingen"]
[Date "2023.05.28"]
[Round "2"]
[White "Shen, Tingrui"]
[Black "Rodriguez Klasen, Ennio"]
[Result "1/2-1/2"]
[WhiteElo "1801"]
[BlackElo "1526"]
[PlyCount "85"]
[EventDate "2023.05.27"]
[EventType "swiss"]
[EventRounds "9"]
[EventCountry "GER"]
[SourceTitle "CBM 214 Extra"]
[Source "ChessBase"]
[SourceDate "2023.07.31"]
[SourceVersion "1"]
[SourceVersionDate "2023.07.31"]
[SourceQuality "1"]

1. e4 Nf6 2. e5 Nd5 3. d4 d6 4. c4 Nb6 5. exd6 cxd6 6. h3 g6 7. Nf3 Bg7 8. Nc3 0-0 9. Be2 Nc6 10. 0-0 e5 11. Bg5 Bf6 12. Bxf6 Qxf6 13. d5 Nd4 14. Nxd4 exd4 15. Nb5 Qg5 16. Kh1 Qe5 17. Nxd4 Bd7 18. Nf3 Qxb2 19. Qd2 Qxd2 20. Nxd2 Rfe8 21. Bd3 Bf5 22. Bxf5 gxf5 23. Rfd1 Rac8 24. Rab1 Re7 25. Rb4 Rec7 26. Re1 Kf8 27. Re3 Re8 28. Kg1 Rxe3 29. fxe3 Rc5 30. Kf2 Ra5 31. Rb2 Rc5 32. Kf3 Nxc4 33. Nxc4 Rxc4 34. Rxb7 Ra4 35. Rd7 Ra6 36. Kf4 Ke8 37. Rb7 Rxa2 38. Kxf5 Rf2+ 39. Ke4 Rxg2 40. Rxa7 Rh2 41. Ra6 Ke7 42. Ra7+ Ke8 43. Ra6 1/2-1/2

[Event "GER-chT U12"]
[Site "Muenchen"]
[Date "2022.12.29"]
[Round "5"]
[White "Rodriguez Klasen, Ennio"]
[Black "Shen, Tingrui"]
[Result "1/2-1/2"]
[WhiteElo "1365"]
[BlackElo "1643"]
[PlyCount "85"]
[EventDate "2022.12.26"]
[EventType "team-swiss"]
[EventRounds "7"]
[EventCountry "GER"]
[SourceTitle "CBM 212 Extra"]
[Source "ChessBase"]
[SourceDate "2023.03.31"]
[SourceVersion "1"]
[SourceVersionDate "2023.03.31"]
[SourceQuality "1"]
[WhiteTeam "Berlin Empor"]
[BlackTeam "Tegernsee"]
[WhiteTeamCountry "GER"]
[BlackTeamCountry "GER"]

1. Nf3 Nf6 2. g3 g6 3. Bg2 Bg7 4. 0-0 d6 5. d4 0-0 6. c4 Nc6 7. Nc3 e5 8. e3 exd4 9. exd4 Bf5 10. Bf4 Re8 11. Qd2 Ne4 12. Nxe4 Bxe4 13. Be3 d5 14. c5 Qf6 15. Qd1 Bxf3 16. Qxf3 Qxf3 17. Bxf3 Nxd4 18. Bxd4 Bxd4 19. Bxd5 c6 20. Bb3 Bxc5 21. Rad1 Re7 22. Rd3 Rae8 23. Rfd1 Re2 24. Rf3 R8e7 25. Rc1 Bd4 26. Rc2 Rxc2 27. Bxc2 Bxb2 28. Re3 Rd7 29. Bb3 Kf8 30. Re2 Bd4 31. Kg2 c5 32. Bc4 a6 33. a4 Rd6 34. f4 Rb6 35. Bd5 Rb4 36. Ra2 Rb1 37. Kh3 h5 38. Bc4 f6 39. Bd3 Rb2 40. Rxb2 Bxb2 41. Bxg6 b5 42. axb5 axb5 43. Bxh5 1/2-1/2

[Event "GER-ch U10"]
[Site "Willingen"]
[Date "2022.06.11"]
[Round "11"]
[White "Peglau, Paul David"]
[Black "Rodriguez Klasen, Ennio"]
[Result "1-0"]
[WhiteElo "1623"]
[BlackElo "1315"]
[PlyCount "115"]
[EventDate "2022.06.04"]
[EventType "swiss"]
[EventRounds "11"]
[EventCountry "GER"]
[SourceTitle "CBM 208 Extra"]
[Source "ChessBase"]
[SourceDate "2022.07.31"]
[SourceVersion "1"]
[SourceVersionDate "2022.07.31"]
[SourceQuality "1"]

1. e4 Nf6 2. e5 Nd5 3. c4 Nb6 4. d4 d6 5. f4 dxe5 6. fxe5 Nc6 7. Be3 g6 8. Nc3 Bg7 9. Nf3 Bg4 10. Qd2 Qd7 11. h3 Bxf3 12. gxf3 0-0-0 13. 0-0-0 e6 14. f4 Ne7 15. Ne4 Qc6 16. Qc2 Nf5 17. Bf2 Bh6 18. b3 Bxf4+ 19. Kb1 Be3 20. Bg2 Kb8 21. Qe2 Bxd4 22. Bxd4 Nxd4 23. Qf2 Nf5 24. Nf6 Nd5 25. cxd5 Qc3 26. dxe6 fxe6 27. Qf3 Qxf3 28. Bxf3 Nd4 29. Bg2 Ne2 30. Kb2 Nf4 31. Be4 h6 32. Nd7+ Kc8 33. Nc5 c6 34. Nd3 g5 35. Nxf4 gxf4 36. Rxd8+ Kxd8 37. Rf1 Rf8 38. Kc2 Kc7 39. Kd2 Kb6 40. Ke2 Kc5 41. Rd1 f3+ 42. Kf2 Rf4 43. Bxf3 Rf5 44. Rd7 Rxe5 45. Rxb7 Rf5 46. Rxa7 e5 47. Ke3 Kb6 48. Rh7 Rf6 49. Re7 Rf5 50. Re6 Kb7 51. Rxc6 Rxf3+ 52. Kxf3 Kxc6 53. Ke4 Kd6 54. a4 Ke6 55. a5 Kd6 56. b4 h5 57. b5 Kc5 58. a6 1-0

[Event "GER-ch U10"]
[Site "Willingen"]
[Date "2022.06.05"]
[Round "2"]
[White "Rodriguez Klasen, Ennio"]
[Black "Classen, Marnin"]
[Result "1-0"]
[WhiteElo "1315"]
[BlackElo "1168"]
[PlyCount "49"]
[EventDate "2022.06.04"]
[EventType "swiss"]
[EventRounds "11"]
[EventCountry "GER"]
[SourceTitle "CBM 208 Extra"]
[Source "ChessBase"]
[SourceDate "2022.07.31"]
[SourceVersion "1"]
[SourceVersionDate "2022.07.31"]
[SourceQuality "1"]

1. Nf3 e6 2. g3 d5 3. Bg2 Nf6 4. 0-0 Bd6 5. d4 0-0 6. c4 c6 7. Qc2 Re8 8. Nbd2 Nbd7 9. e4 e5 10. cxd5 cxd5 11. exd5 Nxd5 12. Nxe5 Nxe5 13. Bxd5 Ng6 14. Qb3 Re7 15. Ne4 h6 16. Bd2 a5 17. Rfe1 Rb8 18. Nxd6 Qxd6 19. Rxe7 Qxe7 20. Re1 Qc7 21. Re8+ Nf8 22. Qa3 Bd7 23. Qxf8+ Kh7 24. Be4+ g6 25. Qxf7# 1-0

[Event "GER-ch U10"]
[Site "Willingen"]
[Date "2021.08.28"]
[Round "10"]
[White "Rodriguez Klasen, Ennio"]
[Black "Merenda, Lukas Benedikt"]
[Result "0-1"]
[WhiteElo "1341"]
[BlackElo "1222"]
[PlyCount "132"]
[EventDate "2021.08.22"]
[EventType "swiss"]
[EventRounds "11"]
[EventCountry "GER"]
[SourceTitle "EXT 2022"]
[Source "ChessBase"]
[SourceDate "2021.10.06"]
[SourceVersion "1"]
[SourceVersionDate "2021.10.06"]
[SourceQuality "1"]

1. e4 e5 2. Nf3 Nc6 3. Bc4 Bc5 4. b4 Bxb4 5. c3 Ba5 6. 0-0 d6 7. d4 Bb6 8. dxe5 Bg4 9. Bxf7+ Kxf7 10. Ng5+ Qxg5 11. Qb3+ Be6 12. Qxe6+ Kxe6 13. Bxg5 Nxe5 14. Nd2 Re8 15. Nb3 c5 16. Rad1 c4 17. Nd4+ Bxd4 18. Rxd4 b5 19. f4 Nd3 20. Rb1 a6 21. a4 Ra8 22. h3 Rb8 23. Rxc4 Nf6 24. axb5 axb5 25. Rd4 Nc5 26. Bxf6 gxf6 27. Rdb4 Nd3 28. Rxb5 Rxb5 29. Rxb5 Nxf4 30. Rb2 Rg8 31. Kh2 Ke5 32. g3 Ne6 33. Rd2 Nc5 34. Rd5+ Ke6 35. Rd4 Rb8 36. Rb4 Rxb4 37. cxb4 Nxe4 38. Kg2 Kd5 39. Kf3 Ng5+ 40. Kg4 Kc4 41. h4 Ne4 42. Kf4 d5 43. Ke3 Kxb4 44. Kd4 Nxg3 45. Kxd5 Kc3 46. Ke6 f5 47. Ke5 Kd3 48. Kf4 h6 49. Kf3 Ne2 50. Kf2 Nd4 51. h5 f4 52. Kf1 Ke3 53. Ke1 f3 54. Kd1 f2 55. Kc1 f1Q+ 56. Kb2 Qd1 57. Kc3 Qc2+ 58. Kb4 Nc6+ 59. Kb5 Kd4 60. Kb6 Nb8 61. Kb5 Qc5+ 62. Ka4 Qb6 63. Ka3 Qb5 64. Ka2 Qb4 65. Ka1 Kc3 66. Ka2 Qb2# 0-1

[Event "GER-ch U10"]
[Site "Willingen"]
[Date "2021.08.24"]
[Round "4"]
[White "Rodriguez Klasen, Ennio"]
[Black "Gavrylyuk, Oleksandr"]
[Result "1-0"]
[WhiteElo "1341"]
[BlackElo "1151"]
[PlyCount "39"]
[EventDate "2021.08.22"]
[EventType "swiss"]
[EventRounds "11"]
[EventCountry "GER"]
[SourceTitle "EXT 2022"]
[Source "ChessBase"]
[SourceDate "2021.10.06"]
[SourceVersion "1"]
[SourceVersionDate "2021.10.06"]
[SourceQuality "1"]

1. e4 c5 2. Nc3 Nc6 3. g3 g6 4. Bg2 Bg7 5. d3 d6 6. Be3 Bd7 7. Qd2 h5 8. h3 e6 9. Nge2 Nge7 10. 0-0 Rb8 11. Rab1 b5 12. Nd1 Qa5 13. Qc1 0-0 14. Bh6 Bxh6 15. Qxh6 Qxa2 16. Ne3 d5 17. Nc3 Qa6 18. exd5 exd5 19. Ncxd5 Nf5 20. Nf6# 1-0

[Event "GER-ch Net Amateur Gr-C Final"]
[Site "Playchess.com INT"]
[Date "2020.04.18"]
[Round "13"]
[White "Fock, Madiha"]
[Black "Rodriguez Klasen, Ennio"]
[Result "1-0"]
[WhiteElo "1774"]
[BlackElo "1470"]
[PlyCount "35"]
[EventDate "2020.04.18"]
[EventType "swiss (blitz)"]
[EventRounds "13"]
[EventCountry "GER"]
[SourceTitle "CBM 195 Extra"]
[Source "ChessBase"]
[SourceDate "2020.05.31"]
[SourceVersion "1"]
[SourceVersionDate "2020.05.31"]
[SourceQuality "1"]

1. e4 c5 2. Nf3 Nc6 3. d4 cxd4 4. Nxd4 e5 5. Nb3 d6 6. Be2 Nf6 7. Nc3 Be7 8. 0-0 0-0 9. Be3 h6 10. Qd2 Kh7 11. Kh1 Rg8 12. f4 Bd7 13. f5 Rc8 14. Rf3 a6 15. Rh3 h5 16. Bxh5 Kh8 17. Bg6+ Nh7 18. Rxh7# 1-0

[Event "GER-ch Net Amateur Gr-C Final"]
[Site "Playchess.com INT"]
[Date "2020.04.18"]
[Round "2"]
[White "Hockenjos, Marius"]
[Black "Rodriguez Klasen, Ennio"]
[Result "0-1"]
[WhiteElo "1695"]
[BlackElo "1470"]
[PlyCount "80"]
[EventDate "2020.04.18"]
[EventType "swiss (blitz)"]
[EventRounds "13"]
[EventCountry "GER"]
[SourceTitle "CBM 195 Extra"]
[Source "ChessBase"]
[SourceDate "2020.05.31"]
[SourceVersion "1"]
[SourceVersionDate "2020.05.31"]
[SourceQuality "1"]

1. e4 c5 2. Nc3 Nc6 3. f4 d6 4. Nf3 e6 5. Bb5 a6 6. Bxc6+ bxc6 7. 0-0 Be7 8. b3 d5 9. d3 Bb7 10. Bb2 d4 11. Ne2 Nf6 12. Qe1 0-0 13. Bc1 a5 14. Qg3 Kh8 15. e5 Nd5 16. Qf2 Qb6 17. g3 Nb4 18. Ne1 a4 19. Bd2 Nd5 20. Ng2 axb3 21. axb3 Nb4 22. Bxb4 Qxb4 23. Qe1 Qxe1 24. Rfxe1 h6 25. Kf2 Rxa1 26. Rxa1 Ra8 27. Rxa8+ Bxa8 28. Ne1 Bb7 29. Nf3 Bd8 30. Ke1 Ba5+ 31. Kd1 Kg8 32. Kc1 Kf8 33. Kb2 Ke8 34. g4 g6 35. h4 Bd8 36. g5 hxg5 37. hxg5 Ba5 38. Ka3 Bb4+ 39. Ka4 Ba6 40. Nc1 Bb5# 0-1

[Event "GER-ch Net Amateur Gr-C Vor2"]
[Site "Playchess.com INT"]
[Date "2020.04.15"]
[Round "4"]
[White "Rodriguez Klasen, Ennio"]
[Black "Glaeser, Alexander"]
[Result "1-0"]
[WhiteElo "1423"]
[BlackElo "1620"]
[PlyCount "51"]
[EventDate "2020.04.15"]
[EventType "swiss (blitz)"]
[EventRounds "9"]
[EventCountry "GER"]
[SourceTitle "CBM 196 Extra"]
[Source "ChessBase"]
[SourceDate "2020.07.31"]
[SourceVersion "1"]
[SourceVersionDate "2020.07.31"]
[SourceQuality "1"]

1. e4 e5 2. f4 exf4 3. Nf3 Nf6 4. Nc3 d6 5. h3 Nc6 6. Bc4 Be7 7. 0-0 Be6 8. Bb5 d5 9. exd5 Nxd5 10. Ne5 Bc5+ 11. d4 Nxc3 12. bxc3 Bd6 13. Nxc6 Qd7 14. Nxa7 c6 15. Nxc6 bxc6 16. Bd3 0-0 17. Bxf4 Bxf4 18. Rxf4 Qd6 19. Qf3 Bd5 20. Be4 Bxe4 21. Qxe4 Rae8 22. Qf3 c5 23. Rf1 Re7 24. d5 f6 25. c4 Re5 26. Re4 1-0

[Event "GER-ch Net Amateur Gr-C Vor1"]
[Site "Playchess.com INT"]
[Date "2020.04.14"]
[Round "6"]
[White "Rodriguez Klasen, Ennio"]
[Black "Birk, Wilfried Christoph"]
[Result "1-0"]
[WhiteElo "1471"]
[BlackElo "1243"]
[PlyCount "71"]
[EventDate "2020.04.14"]
[EventType "swiss (blitz)"]
[EventRounds "9"]
[EventCountry "GER"]
[SourceTitle "CBM 196 Extra"]
[Source "ChessBase"]
[SourceDate "2020.07.31"]
[SourceVersion "1"]
[SourceVersionDate "2020.07.31"]
[SourceQuality "1"]

1. e4 c6 2. d4 d5 3. e5 Bf5 4. Nf3 e6 5. Bd3 Bxd3 6. Qxd3 Ne7 7. 0-0 Nf5 8. g4 Nh4 9. Nxh4 Qxh4 10. Qg3 Be7 11. Qxh4 Bxh4 12. g5 Nd7 13. Kg2 h6 14. gxh6 gxh6 15. Kh3 Bg5 16. f4 Be7 17. Nc3 0-0-0 18. Be3 Rhg8 19. Rg1 Rg6 20. Rxg6 fxg6 21. Rg1 g5 22. fxg5 hxg5 23. Bxg5 Rg8 24. Be3 Rxg1 25. Bxg1 Nb6 26. b3 Nd7 27. Ne2 a5 28. Kg4 b5 29. h4 Nf8 30. h5 Kd8 31. h6 Nh7 32. Kh5 Ke8 33. Kg6 Nf8+ 34. Kg7 Nd7 35. h7 Bf8+ 36. Kg8 1-0

[Event "GER-ch Net Amateur Gr-C Vor1"]
[Site "Playchess.com INT"]
[Date "2020.04.14"]
[Round "8"]
[White "Rodriguez Klasen, Ennio"]
[Black "Mishra, Sanyukt"]
[Result "0-1"]
[WhiteElo "1460"]
[BlackElo "1268"]
[PlyCount "92"]
[EventDate "2020.04.14"]
[EventType "swiss (blitz)"]
[EventRounds "9"]
[EventCountry "GER"]
[SourceTitle "CBM 196 Extra"]
[Source "ChessBase"]
[SourceDate "2020.07.31"]
[SourceVersion "1"]
[SourceVersionDate "2020.07.31"]
[SourceQuality "1"]

1. e4 c5 2. d3 Nc6 3. f4 d6 4. h3 g6 5. Nf3 Bg7 6. c3 a6 7. Be3 b5 8. Qd2 b4 9. Be2 bxc3 10. bxc3 Rb8 11. Na3 Qa5 12. Nb1 Rxb1+ 13. Rxb1 Bxc3 14. Rb8 Nxb8 15. Qxc3 Qxc3+ 16. Bd2 Qa1+ 17. Bd1 Qxa2 18. 0-0 Nc6 19. Bc3 f6 20. Bd2 Nd4 21. Nxd4 cxd4 22. Rf2 Qb1 23. Rf1 Qxd3 24. Ba4+ Bd7 25. Bxd7+ Kxd7 26. Rd1 Qxe4 27. Kf2 d3 28. Ba5 Qe2+ 29. Kg3 Qxd1 30. Bb4 d2 31. Bxd2 Qxd2 32. f5 Nh6 33. fxg6 Rg8 34. Kf3 Rxg6 35. g4 Qd5+ 36. Kf2 Nxg4+ 37. hxg4 Rxg4 38. Ke3 Qe4+ 39. Kd2 Qf3 40. Ke1 Qe3+ 41. Kd1 Rd4+ 42. Kc2 a5 43. Kb2 Qd2+ 44. Ka1 Qc3+ 45. Ka2 Rd2+ 46. Kb1 Qb2# 0-1

[Event "GER-ch Net Amateur Gr-C Vor1"]
[Site "Playchess.com INT"]
[Date "2020.04.14"]
[Round "3"]
[White "Rodriguez Klasen, Ennio"]
[Black "Slotta, Nico"]
[Result "1-0"]
[WhiteElo "1473"]
[BlackElo "1506"]
[PlyCount "45"]
[EventDate "2020.04.14"]
[EventType "swiss (blitz)"]
[EventRounds "9"]
[EventCountry "GER"]
[SourceTitle "CBM 196 Extra"]
[Source "ChessBase"]
[SourceDate "2020.07.31"]
[SourceVersion "1"]
[SourceVersionDate "2020.07.31"]
[SourceQuality "1"]

1. e4 c6 2. d4 d5 3. e5 Bf5 4. Nf3 e6 5. a3 c5 6. c3 Nc6 7. h3 a6 8. Bd3 Bxd3 9. Qxd3 c4 10. Qd1 Na5 11. Nbd2 Ne7 12. 0-0 Ng6 13. Qa4+ b5 14. Qd1 Be7 15. Re1 0-0 16. b4 Nc6 17. Nf1 a5 18. Bb2 axb4 19. axb4 Rxa1 20. Qxa1 Qa8 21. Qxa8 Re8 22. Qxe8+ Bf8 23. Qxc6 1-0

[Event "GER-ch Net Amateur Gr-C Vor1"]
[Site "Playchess.com INT"]
[Date "2020.04.14"]
[Round "7"]
[White "Rotteveel, Guenther"]
[Black "Rodriguez Klasen, Ennio"]
[Result "1-0"]
[WhiteElo "1620"]
[BlackElo "1479"]
[PlyCount "147"]
[EventDate "2020.04.14"]
[EventType "swiss (blitz)"]
[EventRounds "9"]
[EventCountry "GER"]
[SourceTitle "CBM 196 Extra"]
[Source "ChessBase"]
[SourceDate "2020.07.31"]
[SourceVersion "1"]
[SourceVersionDate "2020.07.31"]
[SourceQuality "1"]

1. e4 c5 2. Nc3 Nc6 3. d3 d6 4. Nf3 Nf6 5. Be2 Bg4 6. h3 Bxf3 7. Bxf3 e6 8. Be3 Be7 9. 0-0 0-0 10. Ne2 d5 11. exd5 exd5 12. c3 Ne5 13. Ng3 d4 14. cxd4 cxd4 15. Bf4 Nxf3+ 16. Qxf3 Rc8 17. Rac1 Rxc1 18. Rxc1 Qd5 19. Qxd5 Nxd5 20. Be5 Bf6 21. Bxf6 Nxf6 22. Rc7 Rb8 23. Nf5 Kf8 24. Nxd4 Nd5 25. Rd7 Nb4 26. Nb5 a6 27. Nd6 Nxa2 28. Rxf7+ Kg8 29. Rxb7 Rxb7 30. Nxb7 Nb4 31. Nc5 a5 32. Kf1 a4 33. Ke2 Nd5 34. Nxa4 Kf7 35. Nc5 Kf6 36. b3 Ke5 37. g3 Kd4 38. Ne6+ Kc3 39. Nxg7 Kxb3 40. Ne6 Kc3 41. f4 Nb4 42. d4 Nc6 43. f5 Ne7 44. f6 Ng6 45. f7 Kc4 46. f8Q Nxf8 47. Nxf8 Kxd4 48. Nxh7 Ke5 49. Kf3 Kf5 50. h4 Kg6 51. Nf8+ Kf7 52. Nd7 Ke7 53. Nc5 Kd6 54. Kf4 Ke7 55. Kf5 Kf7 56. g4 Kg7 57. g5 Kf7 58. h5 Kg7 59. h6+ Kh7 60. Ne6 Kh8 61. g6 Kg8 62. Kf6 Kh8 63. g7+ Kg8 64. Ke7 Kh7 65. Kf8 Kxh6 66. g8R Kh5 67. Kf7 Kh4 68. Kf6 Kh3 69. Kf5 Kh4 70. Nc5 Kh3 71. Kf4 Kh2 72. Kf3 Kh1 73. Kf2 Kh2 74. Rh8# 1-0

[Event "GER-ch Net blitz qual4"]
[Site "Playchess.com INT"]
[Date "2020.03.23"]
[Round "6"]
[White "Grewenig, Rolf"]
[Black "Rodriguez Klasen, Ennio"]
[Result "1/2-1/2"]
[WhiteElo "2039"]
[BlackElo "1297"]
[PlyCount "154"]
[EventDate "2020.03.23"]
[EventType "swiss (blitz)"]
[EventRounds "9"]
[EventCountry "GER"]
[SourceTitle "CBM 195 Extra"]
[Source "ChessBase"]
[SourceDate "2020.05.31"]
[SourceVersion "1"]
[SourceVersionDate "2020.05.31"]
[SourceQuality "1"]

1. e4 c5 2. Nf3 Nc6 3. Nc3 e5 4. Bb5 d6 5. 0-0 Nf6 6. h3 Be7 7. d3 0-0 8. Bg5 h6 9. Bh4 g5 10. Bg3 a6 11. Bxc6 bxc6 12. Nh2 h5 13. f3 Qb6 14. b3 c4+ 15. Bf2 Qb4 16. Na4 c3 17. Qe1 d5 18. Qxc3 Qxc3 19. Nxc3 d4 20. Na4 Rb8 21. c4 c5 22. g4 h4 23. Be1 Bd7 24. Nb2 Bd8 25. Bd2 Nh7 26. Rfb1 a5 27. Na4 Be7 28. Nf1 Bxa4 29. bxa4 f6 30. Rb5 Rxb5 31. axb5 a4 32. Rb1 Rb8 33. b6 Bd8 34. b7 Nf8 35. Rb5 Nd7 36. Bc1 Kf7 37. Ba3 Kg6 38. Nd2 Kh6 39. Nb1 Bb6 40. Kf2 Rxb7 41. Ke2 Ra7 42. Kd1 Ra5 43. Rxa5 Bxa5 44. Kc2 Bb6 45. Bc1 Ba5 46. Na3 Bb4 47. Nb5 Kg6 48. Bd2 Bxd2 49. Kxd2 Kf7 50. Kc2 Ke7 51. Nc7 Nb6 52. Kb2 Kd7 53. Nb5 Kc6 54. Ka3 Kd7 55. Na7 Kc7 56. Nb5+ Kc6 57. Kb2 Kb7 58. Nd6+ Ka6 59. Ne8 Ka5 60. Nxf6 Kb4 61. a3+ Ka5 62. Nh7 Nd7 63. Nxg5 Nf8 64. Nf7 Ng6 65. Ng5 Nf4 66. Kc2 Ng6 67. Kd2 Nf4 68. Kc2 Ng6 69. Nf7 Kb6 70. Kd2 Kc6 71. Ke1 Kd7 72. Kf2 Ke6 73. Nd8+ Kd7 74. Nf7 Ke6 75. Nd8+ Kd7 76. Nb7 Kc6 77. Nd8+ Kd7 1/2-1/2

[Event "GER-ch Net blitz qual4"]
[Site "Playchess.com INT"]
[Date "2020.03.23"]
[Round "4"]
[White "Rodriguez Klasen, Ennio"]
[Black "Armbrust, Matthias"]
[Result "0-1"]
[WhiteElo "1297"]
[BlackElo "1834"]
[PlyCount "90"]
[EventDate "2020.03.23"]
[EventType "swiss (blitz)"]
[EventRounds "9"]
[EventCountry "GER"]
[SourceTitle "CBM 195 Extra"]
[Source "ChessBase"]
[SourceDate "2020.05.31"]
[SourceVersion "1"]
[SourceVersionDate "2020.05.31"]
[SourceQuality "1"]

1. e4 c5 2. Nf3 d6 3. Bc4 Nc6 4. c3 g6 5. d4 cxd4 6. cxd4 Bg7 7. 0-0 Nf6 8. Re1 0-0 9. Nc3 a6 10. a4 Rb8 11. b4 Nxb4 12. Rb1 Nc6 13. d5 Ne5 14. Nxe5 dxe5 15. Bxa6 Bg4 16. Qd3 bxa6 17. Rxb8 Qxb8 18. Qxa6 Qb4 19. Qd3 Rc8 20. Bd2 Qd4 21. Qxd4 exd4 22. Nb5 Rc2 23. Bc1 d3 24. f3 Bd7 25. Nd4 Rc4 26. Be3 Bxa4 27. Rd1 Bxd1 28. Kf2 Nd7 29. Nc6 Rc2+ 30. Kf1 Be2+ 31. Ke1 Bc3+ 32. Kf2 Bd1+ 33. Kf1 Re2 34. Nxe7+ Kg7 35. d6 Rxe3 36. Kf2 Re2+ 37. Kf1 d2 38. e5 Re1+ 39. Kf2 Bb3 40. e6 Rxe6 41. Nf5+ gxf5 42. f4 d1Q 43. g4 Qe2+ 44. Kg3 Be1+ 45. Kh3 Rh6# 0-1

[Event "GER-ch Net blitz qual4"]
[Site "Playchess.com INT"]
[Date "2020.03.23"]
[Round "1"]
[White "Rodriguez Klasen, Ennio"]
[Black "Boehme, Markus"]
[Result "0-1"]
[WhiteElo "1297"]
[BlackElo "2114"]
[PlyCount "98"]
[EventDate "2020.03.23"]
[EventType "swiss (blitz)"]
[EventRounds "9"]
[EventCountry "GER"]
[SourceTitle "CBM 195 Extra"]
[Source "ChessBase"]
[SourceDate "2020.05.31"]
[SourceVersion "1"]
[SourceVersionDate "2020.05.31"]
[SourceQuality "1"]

1. e4 c6 2. d4 d5 3. e5 c5 4. c3 Nc6 5. Be3 cxd4 6. cxd4 Bf5 7. Nc3 e6 8. Nf3 Nge7 9. Be2 Bg6 10. 0-0 Nf5 11. Bg5 Be7 12. Bxe7 Qxe7 13. g4 Nh4 14. Nb5 Nxf3+ 15. Bxf3 0-0 16. Nd6 f6 17. Re1 fxe5 18. dxe5 Nxe5 19. Bxd5 Qxd6 20. Bxe6+ Qxe6 21. Qe2 Qxg4+ 22. Qxg4 Nxg4 23. Re2 Rfe8 24. Rae1 Rxe2 25. Rxe2 Re8 26. Rd2 Nf6 27. f3 Re7 28. Kg2 Rd7 29. Rxd7 Nxd7 30. Kf2 Kf7 31. Ke3 Ke6 32. Kd4 Kd6 33. Kc4 Ne5+ 34. Kd4 Nxf3+ 35. Ke3 Nxh2 36. Kf4 Nf1 37. Kf3 Nd2+ 38. Ke2 Ne4 39. Ke3 h5 40. Kf3 Ke5 41. Kg2 Bf5 42. Kh2 g5 43. Kg2 h4 44. Kh2 g4 45. Kg2 g3 46. Kg1 h3 47. Kh1 h2 48. Kg2 Kf4 49. b4 Bh3+ 0-1